| 000 | 00578nam a22001577a 4500 | ||
|---|---|---|---|
| 040 | _cNUST | ||
| 082 | _a200 | ||
| 100 |
_a Bashir Sajid _979245 |
||
| 110 |
_aSupervisor: Dr. Usman Ali _984147 |
||
| 245 |
_aModel Reduction of Induction Machines and Improvement in Power Quality of Doubly Fed Induction Generator Based Wind Turbines/ _cSajid Bashir |
||
| 260 |
_aRawalpindi: _bNUST COLLEGE OF EME, _c2021. |
||
| 300 |
_a226,p; _bill; _c30,cm. |
||
| 650 |
_aPhD ELECTRICAL ENGINEERING _984162 |
||
| 856 | _uhttp://10.250.8.41:8080/xmlui/handle/123456789/34758 | ||
| 942 |
_2ddc _cSC |
||
| 999 |
_c586713 _d586713 |
||